Pensamientos de Ramón y Cajal / (Registro nro. 124065)

Detalles MARC
000 -LEADER
campo de control de longitud fija 00639nam a2200205 4500
001 - NÚMERO DE CONTROL
campo de control 124065
003 - IDENTIFICADOR DE NÚMERO DE CONTROL
campo de control ES-MaACL
005 - FECHA Y HORA DE LA ÚLTIMA TRANSACCIÓN
campo de control 20231220202827.0
007 - CAMPO FIJO DE DESCRIPCIÓN FÍSICA--INFORMACIÓN GENERAL
campo de control de longitud fija t|
008 - DATOS DE LONGITUD FIJA--INFORMACIÓN GENERAL
campo de control de longitud fija 070214s1958 sp r ||||1| spa d
100 1# - ENTRADA PRINCIPAL--NOMBRE DE PERSONA
Nombre de persona Ramón y Cajal, Santiago,
Fechas asociadas al nombre 1852-1934
9 (RLIN) 226468
245 10 - MENCIÓN DEL TÍTULO
Título Pensamientos de Ramón y Cajal /
Mención de responsabilidad, etc. selección y notas de Antonio C. Gavaldá.
260 ## - PUBLICACIÓN, DISTRIBUCIÓN, ETC.
Lugar de publicación, distribución, etc. Barcelona :
Nombre del editor, distribuidor, etc. Sintes,
Fecha de publicación, distribución, etc. 1958.
300 ## - DESCRIPCIÓN FÍSICA
Extensión 67 p. ;
Dimensiones 17 cm.
490 1# - MENCIÓN DE SERIE
Mención de serie Literatos y pensadores ;
Designación de volumen o secuencia 50
700 1# - ENTRADA AGREGADA--NOMBRE PERSONAL
Nombre de persona Cunillera, Antonio.
9 (RLIN) 42180
830 1# - PUNTO DE ACCESO ADICIONAL DE SERIE-TÍTULO UNIFORME
Título uniforme Literatos y pensadores ;
Designación de volumen o secuencia 50
9 (RLIN) 186761
852 ## - LOCALIZACIÓN
Ubicación ES-MaACL
Número de control de estantería F-11496
Existencias
Estatus retirado Estado de pérdida Estado de daño No para préstamo Biblioteca de origen Biblioteca actual Ubicación en estantería Fecha de adquisición Fuente de adquisición Total de préstamos Signatura topográfica completa Código de barras Visto por última vez Precio de reemplazo Tipo de ítem Koha
        Biblioteca del Ateneo de Madrid Biblioteca del Ateneo de Madrid Sala Pecera Planta 2 17/01/2008     F-11496 1129253 23/02/2023 23/02/2023 Libro impreso